Central Library OPAC University of Rajshahi

Ovid : (Record no. 23227)

MARC details
000 -LEADER
fixed length control field 00866cam a2200289 i 4500
001 - CONTROL NUMBER
control field 23227
003 - CONTROL NUMBER IDENTIFIER
rucl marc code BD-RjUL
005 - DATE AND TIME OF LATEST TRANSACTION
control field 20211209000915.0
008 - FIXED-LENGTH DATA ELEMENTS--GENERAL INFORMATION
fixed length control field 140310t1948 e a b 00110 engm
020 ## - INTERNATIONAL STANDARD BOOK NUMBER
International Standard Book Number 0833801834 (v. 1)
035 ## - SYSTEM CONTROL NUMBER
System control number (BD-RjUL)23292
040 ## - CATALOGING SOURCE
Original cataloging agency DLC
Transcribing agency DLC
Modifying agency m.c.
-- BOS
-- BD-RjUL
Language of cataloging eng
041 1# - LANGUAGE CODE
Language code of text/sound track or separate title englat
082 04 - DEWEY DECIMAL CLASSIFICATION NUMBER
Classification number 871
Author mark and year OVI 1948
245 10 - TITLE STATEMENT
Title Ovid :
Statement of responsibility, etc. edited by J.C. And M.J. thornton
Remainder of title Selected works /
260 ## - PUBLICATION, DISTRIBUTION, ETC. (IMPRINT)
Place of publication, distribution, etc. London :
Name of publisher, distributor, etc. Dent & sons,
Date of publication, distribution, etc. 1939 [reprinted 1948].
300 ## - PHYSICAL DESCRIPTION
Pagination xv, 432 p. ;
Size 24 cm.
600 00 - SUBJECT ADDED ENTRY--PERSONAL NAME
Personal name Ovid,
Dates associated with a name 43 B.C.-17 or 18 A.D.
Personal name Ovid,
Dates associated with a name 43 B.C.-17 or 18 A.D.
650 #0 - SUBJECT ADDED ENTRY--TOPICAL TERM
Topical term or geographic name as entry element Mythology, Classical
Form subdivision Poetry.
9 (RLIN) 71597
700 1# - ADDED ENTRY--PERSONAL NAME
Personal name C. J.
Personal name Thornton, M.J.
942 ## - ADDED ENTRY ELEMENTS (KOHA)
Source of classification or shelving scheme Dewey Decimal Classification
Koha item type Books
Holdings
Lost status Source of classification or shelving scheme Damaged status Not for loan Collection code Permanent Location Current Location Shelving location Date acquired Source of acquisition Cost, normal purchase price Total Checkouts Full call number Date last seen Copy number Koha item type
  Dewey Decimal Classification   Added to bundle Fiction Central Library, University of Rajshahi Central Library, University of Rajshahi Reading Room 16/09/1955 B.H.Black well 55.00   871 OVI 1948 10/03/2014 C-1 Books